[Event "Tosno Gubernator Cup Lenregion op"]
[Site "Tosno"]
[Date "2009.09.28"]
[Round "9"]
[White "Akulich, Maksim"]
[Black "Panov, Evgeny"]
[Result "0-1"]
[WhiteElo "2134"]
[BlackElo "1919"]
[PlyCount "80"]
[EventDate "2009.09.24"]
[EventType "swiss"]
[EventRounds "9"]
[EventCountry "RUS"]
[SourceTitle "EXT 2022"]
[Source "ChessBase"]
[SourceDate "2021.10.06"]
[SourceVersion "1"]
[SourceVersionDate "2021.10.06"]
[SourceQuality "1"]

1. e4 c5 2. c4 Nc6 3. Ne2 g6 4. d4 cxd4 5. Nxd4 Bg7 6. Be3 d6 7. Nc3 Nf6 8. Be2 0-0 9. 0-0 Bd7 10. f3 Rc8 11. Qd2 Ne5 12. b3 Qa5 13. Rac1 Kh8 14. Rfd1 Nc6 15. Bf1 Nxd4 16. Bxd4 Bc6 17. Qf2 a6 18. Nd5 Bxd5 19. exd5 Nd7 20. Bxg7+ Kxg7 21. Qd4+ Kg8 22. Qb2 Ne5 23. h3 Qc5+ 24. Kh2 f5 25. f4 Nd7 26. Re1 Rf7 27. Bd3 Nf6 28. Re6 Nxd5 29. g3 Nb4 30. Bf1 Nc6 31. Rce1 Nd4 32. R6e3 e6 33. Bg2 b5 34. cxb5 Nc2 35. Rxe6 Nxe1 36. Rxe1 axb5 37. Rd1 Qc2 38. Qxc2 Rxc2 39. Rxd6 Re7 40. Rd8+ Kf7 0-1